000 00598nam a22001937a 4500
999 _c192985
_d192985
005 20221012141435.0
020 _c495.00
037 _bPrabhat Paperbacks
082 _a352.6076
100 _aRamaswamy B.
245 _aEthics, Integrity and Aptitude/
_cB. Ramaswamy
260 _aNew Delhi
_bPrabhat Paperbacks
_c2018
270 _a4/19 Asaf Ali Road,
_bNew Delhi
_e110002
300 _axxviii, 592p.
_c24cm (pbk)
700 _aPushpa, Sasikala
700 _a.
942 _2ddc
_cEN
_mRAM
_h352.6076